000 00257nam a2200097Ia 4500
008 220204s9999 xx 000 0 und d
082 _a62(038)
_bSTA
245 0 _aEngineering sabdavali. V 1
260 _aTrivandrum
_bState Inst of Languages
_c1969
942 _cBK
999 _c21457
_d21457